[Event "American Continental-ch 2018"]
[Site "Montevideo"]
[Date "2018.06.02"]
[Round "2"]
[White "Coro, Lucas"]
[Black "Erenburg, Sergey"]
[Result "0-1"]
[WhiteElo "2269"]
[BlackElo "2563"]
[Annotator "TA"]
[PlyCount "79"]
[EventDate "2018.??.??"]
[EventType "swiss"]
[EventCountry "URU"]
[SourceTitle "playchess.com"]
[Source "ChessBase"]
[SourceQuality "1"]

{[%evp 14,79,6,6,13,12,12,6,23,0,0,-8,0,-2,12,-12,-20,-13,-14,-35,-16,-42,-48,-111,-110,-114,-121,-120,-113,-110,-104,-104,-74,-98,-91,-83,-90,-84,-70,-237,-240,-240,-244,-344,-337,-332,-338,-329,-301,-302,-291,-277,-268,-284,-294,-557,-557,-547,-506,-1317,-1156,-1752,-1456,-1742,-1439,-5106,-2886,-4686]} 1. e4 c6 2. d4 d5 3. e5 Bf5 4. h4 Qc7 (4... h5 5. Bd3 Bxd3 6. Qxd3 Qa5+ 7. Nd2 e6 8. Ne2 Ne7 9. O-O Nf5 10. Nf3 Qa6 11. Qd1 Be7 12. g3 c5 {½-½ (67) Nakamura,H (2787)-Artemiev,V (2697) Moscow 2018}) 5. Nc3 h5 6. Bd3 {B12: Caro-Kann: Advance Variation} Bxd3 7. Qxd3 e6 8. Nf3 {LiveBook: 3 Games. The position is equal.} a6 $146 ({Predecessor:} 8... Ne7 9. Bg5 Nd7 10. O-O Ng6 11. Ne2 Be7 12. g3 {1-0 (42) Anton Guijarro,D (2616)-Najer,E (2681) Gjakova 2016}) 9. Ne2 c5 10. c3 Nc6 11. Bf4 cxd4 12. Nexd4 Bc5 13. O-O Nge7 {[%cal Bg8e7,Be7f5,Bf5h4][%mdl 32]} 14. Nb3 Ba7 15. Rfe1 Nf5 16. Re2 Rc8 17. Nbd2 Nce7 18. Rae1 ({White should try} 18. Nf1 $15) 18... Ng6 $17 19. Bh2 Ngxh4 20. Nxh4 Nxh4 21. c4 dxc4 22. Qh3 Ng6 23. Ne4 Bc5 24. Nd6+ Bxd6 $1 25. exd6 Qd7 26. Rxe6+ $2 {[#]} ({Better is} 26. Re4 $15) 26... fxe6 $19 27. Rxe6+ Kd8 28. Bf4 (28. Rxg6 {is a better defense.} Qxh3 29. gxh3) 28... Rc5 29. Rxg6 {[#] Strongly threatening Qc3.} Qxh3 30. gxh3 {[%mdl 4096] Endgame KRR-KRB} Rf5 31. Bg5+ Kd7 32. Rxg7+ Kxd6 33. f4 Re8 34. Rxb7 $2 (34. Kf2) 34... Rb5 {Black is clearly winning.} 35. Rxb5 axb5 {[%cal Ba6b5,Bb5b4][%mdl 32]} 36. Bf6 (36. f5 $142 Ke5 37. f6) 36... b4 37. Kf2 Ra8 38. Ke3 Rxa2 39. Kd4 c3 40. Be5+ {Precision: White = 30%, Black = 87%.} 0-1

[Event "American Continental-ch 2018"]
[Site "Montevideo"]
[Date "2018.06.02"]
[Round "2"]
[White "Cimer, Emanuel"]
[Black "Moradiabadi, Elshan"]
[Result "0-1"]
[WhiteElo "2262"]
[BlackElo "2549"]
[Annotator "TA"]
[PlyCount "68"]
[EventDate "2018.??.??"]
[EventType "swiss"]
[EventCountry "URU"]
[SourceTitle "playchess.com"]
[Source "ChessBase"]
[SourceQuality "1"]

{[%evp 16,68,-25,-26,-27,-31,0,-18,-18,-60,-60,-87,-83,-93,-81,-111,-68,-103,-81,-92,-84,-83,-83,-165,-169,-191,-153,-210,-208,-198,-212,-214,-207,-214,-207,-254,-270,-249,-257,-275,-247,-254,-231,-362,-362,-350,-355,-345,-304,-388,-381,-865,-863,-804,-785]} 1. e4 e6 2. Nf3 d5 3. Nc3 Nf6 {[%cal Bg8f6,Bf6d7,Bd7c5,Bc5d3][%mdl 32]} 4. e5 Nfd7 5. d4 c5 6. dxc5 Nc6 7. Bf4 Nxc5 8. Bd3 Be7 9. O-O {LiveBook: 28 Partien} Nxd3 {C11: Französische Verteidigung} 10. Qxd3 Bd7 11. Rfe1 $146 ({Vorgänger:} 11. Qd2 h6 12. Nd4 Nxd4 13. Qxd4 Bc6 14. Rfe1 {1-0 (49) Huerga Leache,M (2440)-Vinal Gutierrez,P (2114) Pamplona 2007}) 11... g5 {Die Stellung ist ausgeglichen.} 12. Bg3 h5 {[%cal Bh7h5,Bh5h4][%mdl 32]} 13. h3 Qb6 14. Ne2 O-O-O 15. Nfd4 Rdg8 {[%cal Bd8g8,Bg8g4,Bg4c4][%mdl 32]} 16. Nxc6 Bxc6 17. Nd4 h4 $36 {[%mdl 2048] Weiss muss aufpassen.} (17... Qxb2 18. Reb1 $16) 18. Bh2 g4 ({Lieber nicht} 18... Qxb2 19. Reb1 $16) 19. hxg4 (19. Kh1 $17 {ist wohl besser.}) 19... Rxg4 $19 20. Nxc6 Qxc6 21. Re2 (21. Kh1 $17) 21... Rhg8 22. f3 Qb6+ 23. Kh1 Qxb2 24. Rd1 Rc4 25. Qh7 Rf8 26. Bg1 Qxa2 27. Be3 {[#] Weiss hofft, mit Lh6 fortzusetzen.} h3 $1 28. g3 (28. gxh3 Rh4) 28... Qa3 29. Qxh3 (29. Kh2 $142) 29... Bc5 30. Qh6 Bxe3 31. Rxe3 Qe7 {Droht stark ...Dd8.} 32. Rd2 Kb8 33. f4 $2 {[#]} (33. Kg2) 33... Rcc8 34. Rh2 Qb4 {Precision: Weiß = 33%, Schwarz = 92%.} 0-1

[Event "American Continental-ch 2018"]
[Site "Montevideo"]
[Date "2018.06.02"]
[Round "2"]
[White "Kapitanchuk, Tomas"]
[Black "Martinez Alcantara, Jose Eduardo"]
[Result "0-1"]
[WhiteElo "2253"]
[BlackElo "2539"]
[Annotator "TA"]
[PlyCount "80"]
[EventDate "2018.??.??"]
[EventType "swiss"]
[EventCountry "URU"]
[SourceTitle "playchess.com"]
[Source "ChessBase"]
[SourceQuality "1"]

{[%evp 9,80,15,15,15,15,15,15,16,18,10,12,8,0,0,19,-2,0,0,0,0,0,0,13,0,0,-5,-10,-16,41,26,69,-16,-12,0,-2,-29,-20,-95,-61,-71,-79,-106,-90,-136,-127,-174,-60,-160,-110,-456,-463,-534,-473,-622,-606,-709,-710,-854,-862,-825,-802,-852,-861,-959,-959,-947,-890,-890,-874,-827,-773,-732,-725]} 1. e4 c5 2. Nf3 d6 3. Bb5+ Nd7 4. O-O a6 5. Bd3 Ngf6 6. Re1 {B51: Sicilian: Moscow Variation (3 Bb5+) without 3...Bd7} e6 7. c3 b5 8. Bc2 {The position is equal.} c4 9. a4 Bb7 10. axb5 axb5 11. Rxa8 Qxa8 12. Na3 Be7 (12... Bxe4 13. Bxe4 Nxe4 {½-½ (35) Mamedov,R (2704)-Karjakin,S (2778) Shamkir 2018}) 13. Nxb5 {[#]} O-O $146 {[%cal Rb7e4]} 14. Qe2 Rc8 $1 15. Nfd4 Ne5 16. f3 Ba6 17. b4 Qb8 18. Na3 $1 Qc7 ({Black should try} 18... Bd8 $11) 19. Kh1 Nfd7 20. b5 (20. Qe3 $14) 20... Bb7 $11 21. f4 Ng6 $1 22. Rf1 e5 23. Nc6 (23. fxe5 $11 {remains equal.} Ngxe5 24. Nf5) 23... Bxc6 $17 24. bxc6 Qxc6 25. g3 Nf6 26. f5 Nf8 27. Qf3 {[#]} Qa6 (27... d5 $1 $19 {[%cal Rd5e4]} 28. exd5 Qa6) 28. Nb1 (28. d4 $15) 28... Rb8 {Hoping for ...Qa2.} 29. h3 $2 {[%mdl 8192]} (29. d4 $17 {is a better chance.}) 29... Qa2 $19 {Black is clearly winning.} 30. Na3 d5 31. Bb1 Qa1 32. exd5 Bxa3 33. Bxa3 Rxb1 34. Rxb1 Qxb1+ 35. Kh2 Qa2 36. Bd6 Qxd2+ 37. Kg1 Qxd5 38. Qxd5 Nxd5 39. Bxe5 Nd7 40. Bd4 Nb8 {Precision: White = 35%, Black = 70%.} 0-1

[Event "American Continental-ch 2018"]
[Site "Montevideo"]
[Date "2018.06.02"]
[Round "2"]
[White "Betaneli, Alexander"]
[Black "Di Berardino, Diego Rafael"]
[Result "0-1"]
[WhiteElo "2246"]
[BlackElo "2525"]
[Annotator "TA"]
[PlyCount "139"]
[EventDate "2018.??.??"]
[EventType "swiss"]
[EventCountry "URU"]
[SourceTitle "playchess.com"]
[Source "ChessBase"]
[SourceQuality "1"]

{[%evp 18,139,8,0,16,5,16,7,0,0,-7,-10,-3,-30,-23,-18,-18,-53,-53,-53,-58,-95,-94,-98,-106,-111,-92,-132,-140,-138,-144,-129,-144,-135,-134,-138,-142,-134,-114,-137,-127,-128,-126,-133,-133,-133,-129,-156,-155,-159,-157,-187,-199,-237,-238,-272,-264,-307,-274,-305,-299,-248,-260,-362,-380,-359,-348,-375,-366,-331,-319,-518,-520,-537,-547,-503,-525,-502,-320,-480,-309,-310,-306,-306,-304,-295,-289,-390,-384,-476,-390,-348,-333,-416,-410,-560,-556,-533,-493,-536,-508,-500,-489,-472,-471,-459,-424,-643,-644,-817,-800,-785,-652,-1609,-1771,-2264,-2020,-4942,-4926,-4926,-4833,-2212,-2080,-2339]} 1. Nf3 Nf6 2. d4 g6 3. e3 Bg7 4. b3 c5 5. Bb2 O-O 6. dxc5 {A48: 1 d4 Nf6 2 Nf3 g6: Torre, London and Colle Systems} Qa5+ 7. Nbd2 Qxc5 8. c4 b6 9. Be2 Bb7 10. O-O {LiveBook: 4 Games} Qc7 11. Rc1 Nc6 12. Nd4 Rac8 13. Nxc6 Bxc6 14. Qc2 Qb7 15. Bf3 Bxf3 16. Nxf3 d5 17. Qb1 $146 ({Predecessor:} 17. Qe2 Qa6 18. Bd4 dxc4 19. Ne5 {½-½ (43) Lim,M (2205)-Jasnikowski,Z (2425) Thessaloniki 1988}) 17... dxc4 18. bxc4 Qe4 19. Qxe4 Nxe4 20. Bxg7 Kxg7 21. Rfd1 Rc7 22. Nd4 Rfc8 23. Nb5 Rxc4 24. Rxc4 Rxc4 25. Nxa7 $17 {[%mdl 4096] Endgame KRN-KRN} Nd6 {[#] Threatens to win with ...Rc7.} 26. a4 Rxa4 27. Nc6 Kf8 28. g3 Rc4 29. Ne5 Rc7 30. Rb1 b5 31. Nf3 Rc5 32. Nd4 e5 33. Nb3 Rc2 34. f4 {[#]} f6 $1 35. fxe5 fxe5 36. Rd1 Ke7 37. Rd5 Ke6 38. e4 Nxe4 39. Rxb5 Ng5 40. h4 Nf3+ 41. Kf1 e4 {...e3 is the strong threat.} 42. Rc5 Rb2 {( -> ...e3)} 43. Nc1 Nd4 44. Rc3 $2 (44. Rc8) 44... Kf5 $19 45. Rc5+ Kg4 46. Rc4 Rd2 {Hoping for ...Kf3.} 47. Ke1 Nf3+ 48. Kf1 Kxg3 {[%csl Gg3][%cal Rd2f2]} 49. Ne2+ Kxh4 50. Rxe4+ Kg5 51. Kf2 Nh4 52. Re7 h5 53. Ke1 Rb2 54. Re4 Nf5 55. Nf4 Ra2 56. Nd3 Ng3 {Black is clearly winning.} 57. Rb4 Re2+ 58. Kd1 Re8 59. Nf2 Re6 60. Nh3+ Kh6 61. Rb5 Ne4 62. Ra5 (62. Rb8 $142) 62... h4 63. Ra8 g5 64. Ke2 Kh5 65. Kf1 Kg4 66. Kg2 Rb6 67. Ra2 Rb3 68. Ng1 Rd3 69. Ra4 Rd2+ 70. Kh1 {Precision: White = 43%, Black = 90%.} 0-1

[Event "American Continental-ch 2018"]
[Site "Montevideo"]
[Date "2018.06.02"]
[Round "2"]
[White "Carbone, Diego"]
[Black "Henriquez Villagra, Cristobal"]
[Result "0-1"]
[WhiteElo "2242"]
[BlackElo "2518"]
[Annotator "TA"]
[PlyCount "72"]
[EventDate "2018.??.??"]
[EventType "swiss"]
[EventCountry "URU"]
[SourceTitle "playchess.com"]
[Source "ChessBase"]
[SourceQuality "1"]

{[%evp 22,72,21,11,85,0,33,-31,76,0,0,0,18,-7,0,0,91,0,183,170,170,160,907,577,566,553,466,250,242,260,223,229,218,97,537,524,492,164,155,0,848,0,0,0,0,0,0,-148,-132,-242,-254,-254,-228]} 1. d4 d5 2. c4 c6 3. Nf3 Nf6 4. Nc3 e6 5. e3 Nbd7 6. Qc2 Bd6 7. g4 Bb4 8. Bd2 Qe7 9. Rg1 {D45: Semi-Slav: 5 e3} (9. a3 Bxc3 10. Bxc3 Ne4 11. O-O-O Nxc3 12. Qxc3 O-O 13. g5 b6 14. cxd5 Bb7 15. dxe6 fxe6 16. e4 Rf4 {1-0 (34) Miroshnichenko,E (2680)-Zubov,A (2585) Alushta 2009}) 9... Bxc3 10. Bxc3 Ne4 11. Bd3 Nxc3 12. Qxc3 {LiveBook: 18 Games} b6 (12... dxc4 $11 {remains equal.} 13. Qxc4 (13. Bxc4 b6 $14) 13... e5) 13. O-O-O (13. cxd5 $16 cxd5 14. Ke2) 13... Bb7 14. g5 (14. cxd5 $14 cxd5 15. Kb1) 14... h6 $146 (14... dxc4 $15 15. Bxc4 (15. Qxc4 c5 $11) 15... O-O) ({Predecessor:} 14... dxc4 15. Bxc4 O-O 16. Ne5 Nxe5 17. dxe5 {1-0 (57) Shankland,S (2448)-Banawa,J (2340) Milwaukee 2009}) 15. h4 (15. gxh6 $16 g6 16. cxd5 cxd5 17. Kb1) 15... hxg5 $11 16. Rxg5 Qf6 17. Rg3 dxc4 18. Be4 b5 (18... O-O-O $11) 19. Ne5 ({Better is} 19. Rdg1 $16) 19... Qxh4 $2 {[#]} (19... Nxe5 $11 20. dxe5 Qxh4) 20. Nxf7 $1 $18 Kxf7 21. d5 $1 Nf6 $2 (21... e5 $16 22. Bf5 (22. dxc6 Qxe4 23. Rxd7+ Ke6 $15) 22... Qf6 23. Bxd7 (23. dxc6 $2 Qxf5 24. cxb7 Rab8 $19) 23... cxd5) 22. Bg6+ Kg8 23. Qe5 Rh6 {[%cal Rc6d5]} 24. Qxe6+ (24. dxe6 $142 c5 25. e7 Rxg6 26. Rxg6) 24... Kh8 {[%cal Rf6d5]} 25. dxc6 Bxc6 26. Qxc6 Rg8 27. Qc7 (27. Rdg1 $18 {and White stays clearly on top.}) 27... Ng4 $2 {[%mdl 8192] [#]} (27... Ne4 $16 {is tougher.} 28. Bxe4 Qxe4) 28. Bf7 $1 {[%cal Rf7g8]} Rf8 29. Rdg1 $2 (29. Bd5) 29... Qf6 30. Bd5 $2 ({White should try} 30. Bxc4 $1 $16 Qc6 31. Qxc6 Rxc6 32. Rxg4) 30... Nxf2 $2 {[%mdl 8192]} (30... Qxf2 $11 31. Rxg4 Qxe3+ 32. Kd1 Qd3+ 33. Kc1 Rf1+ 34. Rxf1 Qxf1+ 35. Kd2 Qf2+ 36. Kd1 Qf1+ 37. Kd2 Qf2+ 38. Kd1 Qf1+ 39. Kd2) 31. Qxg7+ $2 ({White has to play} 31. Rf3 $18 Nd3+ 32. Kd1 Qxf3+ 33. Bxf3) 31... Qxg7 $11 32. Rxg7 Nd3+ 33. Kb1 Rh2 34. R7g2 (34. Rxa7 $11 Rxb2+ 35. Ka1) 34... Rxg2 $17 35. Rxg2 (35. Bxg2 $17 Rf2 36. Bf1 Nxb2 37. Rg2 Rxg2 38. Bxg2) 35... Rf1+ $19 36. Kc2 Nb4+ {Precision: White = 21%, Black = 27%.} 0-1

[Event "American Continental-ch 2018"]
[Site "Montevideo"]
[Date "2018.06.02"]
[Round "2"]
[White "Gauche, Charles"]
[Black "Morovic Fernandez, Ivan"]
[Result "0-1"]
[WhiteElo "2235"]
[BlackElo "2513"]
[Annotator "TA"]
[PlyCount "76"]
[EventDate "2018.??.??"]
[EventType "swiss"]
[EventCountry "URU"]
[SourceTitle "playchess.com"]
[Source "ChessBase"]
[SourceQuality "1"]

{[%evp 18,76,8,13,23,4,10,-13,0,0,3,2,12,5,15,-6,0,0,0,-37,0,0,0,-101,-99,-103,-107,-100,-110,-170,-163,-177,-183,-177,-180,-214,-104,-138,0,-6,0,-459,-458,-447,-435,-913,-904,-883,-858,-830,-814,-976,-923,-1028,-909,-12833,-1293,-1261,-1245,-12844,-12845]} 1. d4 Nf6 2. c4 e6 3. Nf3 d5 4. Nc3 c6 5. e3 Nbd7 6. Qc2 Be7 7. b3 O-O 8. Be2 b6 9. O-O Bb7 10. Bb2 Qc7 {D45: Semi-Slav: 5 e3} 11. Rac1 Rac8 12. Qb1 Qb8 {The position is equal.} 13. Rfd1 Rfd8 14. Qa1 {[#]} Nf8 $146 ({Predecessor:} 14... Bf8 15. h3 c5 16. cxd5 Nxd5 17. Nxd5 Bxd5 18. dxc5 Nxc5 19. Ne5 f6 {½-½ (31) Browne,W (2560)-Kaidanov,G (2585) Modesto 1995}) 15. a4 c5 16. a5 dxc4 17. axb6 axb6 18. dxc5 Rxc5 19. bxc4 Rxd1+ 20. Nxd1 (20. Rxd1 $11 Ng6 21. Rd4) 20... Ra5 $17 21. Qb1 Be4 22. Bd3 Bxf3 $1 23. gxf3 (23. Bxf6 $17 Rh5 24. gxf3 Qxh2+ 25. Kf1 Bxf6 26. Qxb6) 23... Rg5+ $19 24. Kf1 Qxh2 25. Bxf6 Bxf6 26. Qxb6 g6 (26... Rg2 $19 {and Black stays clearly on top.} 27. Ke1 h5) 27. c5 $17 Rg1+ ({Black should try} 27... Rg2 $17 28. Ke1 Bh4) 28. Ke2 $11 Bh4 $40 {[%mdl 128] Black attacks.} 29. Rc4 $2 {[%mdl 8192] [#]} (29. Qd6 $11 {and White is okay.} Qg2 30. Rb1) 29... Bxf2 $1 $19 {[%mdl 512] Black is clearly winning.} 30. Nxf2 {[#] Threatens to win with c6.} Rg2 $1 {[%cal Rg2f2]} 31. Kd2 (31. Qa5 $142 Rxf2+ 32. Kd1) 31... Rxf2+ 32. Kc3 Qe5+ 33. Rd4 Qxe3 34. Qb1 e5 35. Rc4 Rxf3 36. c6 Ne6 37. c7 {[#]} Nxc7 $1 38. Rxc7 Qd4+ {Precision: White = 40%, Black = 55%.} 0-1

[Event "American Continental-ch 2018"]
[Site "Montevideo"]
[Date "2018.06.02"]
[Round "2"]
[White "Coppola, Claudio"]
[Black "Terry, Renato"]
[Result "0-1"]
[WhiteElo "2228"]
[BlackElo "2503"]
[Annotator "TA"]
[PlyCount "68"]
[EventDate "2018.??.??"]
[EventType "swiss"]
[EventCountry "URU"]
[SourceTitle "playchess.com"]
[Source "ChessBase"]
[SourceQuality "1"]

{[%evp 9,68,4,12,5,2,-2,14,9,26,19,38,31,37,18,37,18,30,26,39,16,16,12,12,13,17,6,28,27,26,18,17,18,18,14,24,17,17,22,57,-29,-51,-43,-43,-285,-274,-268,-283,-276,-276,-521,-527,-523,-515,-906,-881,-12824,-6068,-3241,-2087,-29991,-29992]} 1. b3 d5 2. Bb2 Bg4 3. Nf3 Nd7 4. d3 (4. g3 e5 5. h3 Bxf3 6. exf3 Ngf6 7. Bg2 Bc5 8. O-O O-O 9. c3 Re8 10. d4 exd4 11. cxd4 Bb6 12. Nd2 {½-½ (25) Malakhov,V (2691)-Motylev,A (2660) Sochi 2018}) 4... Bxf3 5. exf3 e5 6. g3 {A06: Réti Opening:1 Nf3 d5} Ngf6 7. Bg2 Bb4+ 8. Nd2 {The position is equal.} c6 9. a3 Bd6 10. O-O O-O 11. c4 $146 ({Predecessor:} 11. Re1 a5 {0-1 (40) Nogradi,G-Videki,S (2460) Pecs 1996}) 11... a5 12. cxd5 cxd5 13. d4 Qb6 14. dxe5 Bxe5 15. Bxe5 Nxe5 16. f4 Nc6 17. Nf3 Rad8 18. Qc2 Rfe8 19. Rfe1 h6 20. Rxe8+ Rxe8 21. Rd1 Re7 22. Qb2 Qc5 23. Nh4 Re6 24. Rc1 {[#]} (24. Nf5 $14 d4 25. Bxc6 (25. Nxd4 Rd6 $14) 25... bxc6 26. Nxd4) 24... Re2 $1 $11 {[%cal Be6e2,Be2b2,Bb2b1][%mdl 544]} 25. Rxc5 (25. Qxe2 Qxc1+) 25... Rxb2 26. Rb5 $2 {[#]} ({White should try} 26. b4 $15) 26... Nd4 $1 $19 {[%csl LRb3,LRb5][%cal Rd4b5]} 27. Rxa5 {[#]} g5 $1 ({And not} 27... Nxb3 28. Rb5 $11) 28. fxg5 hxg5 29. Nf5 $2 (29. Bxd5 gxh4 30. Kg2) 29... Rb1+ 30. Bf1 Nxf5 31. Rb5 (31. Kg2 $142 Rxb3 32. h3) 31... Nd4 32. Rxb7 Nf3+ 33. Kg2 g4 {( -> ...Ne4)} 34. a4 Ne4 {Precision: White = 42%, Black = 66%.} 0-1

[Event "American Continental-ch 2018"]
[Site "Montevideo"]
[Date "2018.06.02"]
[Round "2"]
[White "Coppola, Claudio"]
[Black "Terry, Renato"]
[Result "*"]
[WhiteElo "2228"]
[BlackElo "2503"]
[Annotator "TA"]
[PlyCount "23"]
[EventDate "2018.??.??"]
[EventType "swiss"]
[EventCountry "URU"]
[SourceTitle "playchess.com"]
[Source "ChessBase"]
[SourceQuality "1"]

{[%evp 5,5,0]} 1. b3 d5 2. Bb2 Bg4 3. Nf3 {Predecessor:} Nd7 $146 4. g3 e5 5. h3 Bxf3 6. exf3 Ngf6 7. Bg2 Bc5 8. O-O O-O 9. c3 Re8 10. d4 exd4 11. cxd4 Bb6 12. Nd2 {½-½ (25) Malakhov,V (2691)-Motylev,A (2660) Sochi 2018} *

[Event "American Continental-ch 2018"]
[Site "Montevideo"]
[Date "2018.06.02"]
[Round "2"]
[White "Fernandez, Maria Florencia"]
[Black "Hoffman, Alejandro"]
[Result "0-1"]
[WhiteElo "2203"]
[BlackElo "2475"]
[Annotator "TA"]
[PlyCount "53"]
[EventDate "2018.??.??"]
[EventType "swiss"]
[EventCountry "URU"]
[SourceTitle "playchess.com"]
[Source "ChessBase"]
[SourceQuality "1"]

{[%evp 9,53,70,69,69,74,72,77,48,58,-7,64,-3,18,22,59,44,65,62,80,28,72,47,50,13,25,18,35,-5,2,-29,-29,-34,-25,-35,-25,-44,-13,-39,33,0,106,28,97,0,0,-143]} 1. d4 {[%cal Bd2d4,Bd4d5][%mdl 32]} c5 2. d5 e5 3. c4 d6 4. Nc3 Be7 5. Nf3 Nf6 {LiveBook: 56 Games} 6. e3 {A44: Semi-Benoni} (6. e4 O-O 7. Bd3 Ne8 8. a3 g6 9. Bh6 Ng7 10. Qd2 Nd7 11. g4 Nf6 12. h3 Kh8 13. O-O-O Ng8 14. Rdg1 Nxh6 15. Qxh6 f6 {½-½ (33) Cori Tello,J (2496)-Ortiz Suarez,I (2576) San Cristobal 2012}) 6... O-O 7. Be2 Ne8 8. O-O {White is better.} f5 $146 ({Predecessor:} 8... a6 9. Nd2 f5 10. f4 Nd7 11. b3 exf4 12. exf4 Bf6 13. Bb2 {½-½ (59) Lombard,A-Viglundsson,B Graz 1972}) 9. a3 (9. e4 $14) 9... Bf6 (9... e4 $11 10. Nd2 Bf6) 10. Qc2 (10. e4 $1 $14) 10... g5 11. Nd2 Bg7 12. b4 b6 13. bxc5 bxc5 14. Rb1 (14. f3 $16) 14... Nd7 15. e4 f4 $1 16. Bg4 Ndf6 17. Bxc8 Qxc8 18. Qb3 Rf7 19. f3 h5 20. Qc2 g4 21. Nb3 {[%cal Bd2b3,Bb3a5,Ba5c6][%mdl 32]} Bf8 22. Kh1 Nh7 23. Na5 g3 (23... Ng5 $15) 24. Nc6 gxh2 (24... h4 $11 {remains equal.}) 25. Ne2 (25. Qf2 $16) 25... Nef6 (25... h4 $11 {keeps the balance.}) 26. Nxf4 (26. Bb2 $16) 26... exf4 $11 27. Bxf4 {Precision: White = 29%, Black = 19%.} (27. e5 $11 dxe5 28. Nxe5) 0-1

[Event "American Continental-ch 2018"]
[Site "Montevideo"]
[Date "2018.06.02"]
[Round "2"]
[White "Cabrera Pando, Ramiro"]
[Black "Salinas Herrera, Pablo"]
[Result "0-1"]
[WhiteElo "2196"]
[BlackElo "2463"]
[Annotator "TA"]
[PlyCount "84"]
[EventDate "2018.??.??"]
[EventType "swiss"]
[EventCountry "URU"]
[SourceTitle "playchess.com"]
[Source "ChessBase"]
[SourceQuality "1"]

{[%evp 10,84,18,13,18,-4,0,0,19,-14,21,20,21,16,33,25,25,40,35,29,50,33,31,24,79,7,18,21,11,-10,-10,-83,-85,-104,-97,-105,-105,-97,-106,-109,-99,-95,-112,-114,-110,-152,-144,-186,-143,-140,-143,-143,-135,-140,-131,-137,-133,-166,-171,-200,-204,-196,-196,-197,-195,-418,-416,-409,-391,-387,-366,-351,-346,-461,-455,-817,-734]} 1. d4 d5 2. c4 c6 3. cxd5 cxd5 4. Bg5 (4. Bf4 Nc6 5. e3 Nf6 6. Nc3 a6 7. Be2 e6 8. Rc1 Be7 9. h3 O-O 10. Nf3 b5 11. O-O Bb7 12. Bd3 Rc8 13. Qe2 Qa5 14. a3 b4 15. axb4 Nxb4 {1-0 (75) Li,C (2732)-Duda,J (2724) Liaocheng 2018}) 4... h6 5. Bh4 Nc6 6. Nc3 {LiveBook: 11 Partien. D10: Damengambit (Slawische Verteidigung)} a6 7. e4 dxe4 8. d5 {Die Stellung ist ausgeglichen.} Ne5 9. Qa4+ Bd7 10. Qxe4 Ng6 $1 11. Bg3 $36 {[%mdl 2048] Weiss kämpft um Vorteil.} Nf6 12. Qc2 $146 e5 13. dxe6 Bxe6 14. Bd3 Ne7 15. Rd1 Qa5 16. Nge2 {Droht Sd4 und aus.} Ned5 (16... Nf5 $11 {hält das Gleichgewicht.}) 17. Nd4 ({Günstiger ist} 17. O-O $16) 17... Nxc3 $1 $11 18. bxc3 Qxa2 19. Nxe6 Qxe6+ 20. Kd2 {[#]} (20. Be2 $11) 20... O-O-O $1 $17 {...La3 ist eine echte Drohung.} 21. Kc1 Ba3+ 22. Kb1 Qb6+ 23. Ka2 Bd6 {zielt auf ...Da5+ ab.} 24. Bf5+ Kc7 {Und weiter mit ...Lxg3 wäre nett.} 25. Rxd6 Rxd6 26. Rd1 Rhd8 27. Rxd6 Rxd6 28. Qd3 Qc5 29. Bxd6+ Qxd6 30. Qc4+ Kb8 31. Qxf7 Qd2+ 32. Kb3 Qxf2 33. g4 Qb6+ ({Und nicht} 33... Qxh2 34. Qxg7 Qd6 35. Qxh6 $11) 34. Kc2 {[#]} Qc7 $1 {[%cal Rc7f7]} 35. Qf8+ Ka7 36. Kb3 Nd5 37. c4 $2 (37. Qc8 {war die einzige Verteidigung.}) 37... Qb6+ $19 38. Ka3 Qa5+ 39. Kb2 Qd2+ 40. Bc2 Qd4+ 41. Kc1 Ne3 42. Qf2 (42. Qa3 $142) 42... Qc3 {Precision: Weiß = 53%, Schwarz = 73%.} 0-1

[Event "American Continental-ch 2018"]
[Site "Montevideo"]
[Date "2018.06.02"]
[Round "2"]
[White "Carvalho, Guillermo"]
[Black "Panjwani, Raja"]
[Result "0-1"]
[WhiteElo "2195"]
[BlackElo "2456"]
[Annotator "TA"]
[PlyCount "52"]
[EventDate "2018.??.??"]
[EventType "swiss"]
[EventCountry "URU"]
[SourceTitle "playchess.com"]
[Source "ChessBase"]
[SourceQuality "1"]

{[%evp 9,52,-6,-8,-18,-19,-36,-33,-24,-25,-34,-30,-29,-32,-35,-40,-29,0,-41,-31,-21,-49,-234,-247,-225,-222,-243,-224,-264,-264,-273,-264,-282,-264,-270,-189,-393,-393,-373,-394,-382,-395,-393,-393,-389,-382]} 1. c4 e5 2. Nc3 Bb4 3. Nd5 Be7 4. d3 (4. Nf3 d6 5. d4 e4 6. Nd2 f5 7. Nb1 c6 8. Nxe7 Nxe7 9. Nc3 O-O 10. e3 Be6 11. Be2 Nd7 12. b3 d5 13. a4 a5 {1-0 (41) Inarkiev,E (2727)-Bologan,V (2640) Poikovsky 2017}) 4... Nf6 {[%cal Bg8f6,Bf6d5,Bd5b4,Bb4d3][%mdl 32]} 5. Nxe7 Qxe7 6. Nf3 {A21: Englische Eröffnung} O-O 7. e3 d5 8. cxd5 {Schwarz steht etwas besser.} Nxd5 9. Be2 c5 10. O-O $146 ({Vorgänger:} 10. a3 Nc6 11. Qc2 Be6 {½-½ (24) Shariyazdanov,A (2589)-Izoria,Z (2569) Dubai 2003}) 10... Rd8 11. Qc2 Nb4 12. Qc3 Bg4 13. Rd1 N8c6 {[%cal Bb8c6,Bc6e5,Be5d3,Bd3b4,Bb4c2][%mdl 32]} 14. a3 {[#]} Nxd3 $1 {[%mdl 512]} 15. h3 $2 (15. Rxd3 $15 e4 16. Rxd8+ Rxd8 17. b4) 15... Bxf3 $1 $19 16. Bxf3 e4 17. Be2 Nce5 18. Bd2 Rd6 19. Bxd3 Nxd3 ({Viel schwächer ist} 19... Rxd3 20. Qc2 $19) 20. Be1 Rad8 21. Qc2 Qd7 22. b4 $2 {[#]} (22. Bc3) 22... Nxb4 {Schwarz steht auf Gewinn.} 23. Rxd6 Nxc2 24. Rxd7 Rxd7 25. Rc1 Nxe1 26. Rxe1 Rd3 {Precision: Weiß = 42%, Schwarz = 81%.} 0-1